[Event "36th Mitropa Cup Open 2018"]
[Site "Isola Capo Rizzuto"]
[Date "2018.06.06"]
[Round "6"]
[White "Vykouk, Jan"]
[Black "Guidarelli, Laurent"]
[Result "1/2-1/2"]
[WhiteElo "2423"]
[BlackElo "2464"]
[Annotator "TA"]
[PlyCount "85"]
[EventDate "2018.05.31"]
[EventType "team-tourn"]
[EventCountry "ITA"]
[SourceTitle "playchess.com"]
[Source "ChessBase"]
[SourceQuality "1"]
[WhiteTeam "Czech Republic"]
[BlackTeam "France"]
[WhiteTeamCountry "CZE"]
[BlackTeamCountry "FRA"]

{[%evp 17,85,62,50,37,40,46,51,46,55,42,47,0,29,0,5,65,79,0,24,0,0,0,0,0,8,0,0,-40,-35,-51,-47,-68,-38,-397,-403,-404,-391,-374,-219,-369,-219,-354,-219,-195,-205,-182,-192,-276,-208,-218,-193,-275,-278,-210,-212,-647,-633,-631,-625,-631,-570,-544,-542,-510,-521,-538,0,0,0,0]} 1. e4 c5 2. Nf3 d6 3. d4 cxd4 4. Nxd4 Nf6 5. Nc3 a6 6. h3 g6 7. g4 {[%cal Bg2g4,Bg4g5][%mdl 32]} Bg7 8. Be3 {B90: Sicilian Najdorf: Unusual White 6th moves, 6 Be3 Ng4 and 6 Be3 e5} h5 9. g5 Nfd7 {LiveBook: 3 Games} 10. Qd2 {White is slightly better.} O-O 11. O-O-O b5 12. f4 b4 $146 ({Predecessor:} 12... Bb7 13. Bg2 Nb6 14. b3 b4 15. Nd5 Nxd5 16. exd5 {1-0 (32) Martin,J (2353)-Grigoryan,K (2570) Barcelona 2017}) 13. Nd5 e6 $1 {[%cal Re6d5]} 14. Nxb4 {Hoping for Ndc6.} (14. Nf6+ $5 Nxf6 15. gxf6 Qxf6 16. Qxb4 $11) 14... Bb7 $1 15. Bg2 {Threatening f5.} a5 16. Nd3 Nb6 $1 {[#]} 17. b3 $1 {Black must now prevent f5.} a4 $1 18. f5 {Threatens to win with f6.} (18. Kb1 {seems wilder.} N8d7 19. Qb4 Qb8 20. Nb5 axb3 21. cxb3 Ba6 22. Nxd6 Nd5 23. Qxb8 Nc3+ 24. Kc2) 18... axb3 19. cxb3 exf5 20. exf5 {And now f6 would win.} Re8 $1 $132 {[%mdl 2048] Black is not keeping still} (20... Bxg2 $6 21. Qxg2 Re8 22. Bg1 $16) 21. fxg6 (21. Bxb7 $6 Qc7+ 22. Nc2 Qxb7 $16) 21... fxg6 22. Bxb7 (22. Rhe1 $5 {[%cal Rg2b7]} Bxg2 23. Qxg2 Rxe3 24. Rxe3 Bxd4 25. Re4 $17) 22... Qc7+ 23. Nc5 dxc5 24. Nb5 Qe5 {aiming for ...Qa1+.} 25. Bxa8 $4 {[%mdl 8192]} (25. Qc3 $1 $15 Qxc3+ 26. Nxc3) 25... Qa1+ $19 26. Kc2 Qxa2+ 27. Kc1 Qa1+ ({Not} 27... Qxa8 28. Qc2 $17) 28. Kc2 Qb2+ ({Inferior is} 28... Qxa8 29. Nc3 $11) 29. Kd3 {Strongly threatening Qxb2.} Qxb3+ 30. Ke2 Qxb5+ 31. Qd3 Qxd3+ 32. Kxd3 (32. Rxd3 {might work better.} Nxa8 33. Kf2) 32... c4+ ({Don't take} 32... Nxa8 33. Bxc5 Nc6 34. Rhe1 $19) 33. Kc2 Nxa8 34. Bd4 (34. Rhe1 $142) 34... Nc7 35. Bxg7 Kxg7 36. Rd6 $2 (36. Kc3) 36... Nb5 37. Rb6 {[#]} Nc6 $1 {[%mdl 512]} 38. Rf1 (38. Rxc6 Nd4+) 38... Nb4+ 39. Kc1 Nc3 40. Rb7+ Kg8 41. Rf6 Nca2+ $2 ({Better is} 41... Nd3+ $19 42. Kc2 Nd5 43. Rxg6+ Kf8) 42. Kb2 $11 c3+ 43. Kb3 {Precision: White = 41%, Black = 95%.} 1/2-1/2

[Event "36th Mitropa Cup Open 2018"]
[Site "Isola Capo Rizzuto"]
[Date "2018.06.06"]
[Round "6"]
[White "Janzelj, Tim"]
[Black "Baenziger, Fabian"]
[Result "0-1"]
[WhiteElo "2410"]
[BlackElo "2367"]
[Annotator "TA"]
[PlyCount "110"]
[EventDate "2018.05.31"]
[EventType "team-tourn"]
[EventCountry "ITA"]
[SourceTitle "playchess.com"]
[Source "ChessBase"]
[SourceQuality "1"]
[WhiteTeam "Slovenia"]
[BlackTeam "Switzerland"]
[WhiteTeamCountry "SLO"]
[BlackTeamCountry "SUI"]

{[%evp 19,110,0,0,-6,0,-4,0,0,74,75,85,79,84,90,79,96,102,70,61,37,80,35,26,26,32,25,26,21,66,68,94,18,27,32,25,27,27,3,9,16,48,27,27,27,96,89,90,0,17,0,0,0,0,0,0,0,0,-52,-48,-35,-17,-299,-252,-364,-347,-322,-239,-210,-207,-96,-96,-116,-131,-2295,-2115,-5081,-3666,-3099,-2769,-4626,-4697,-5552,-5243,-29970,-29971,-29971,-29973,-29980,-29981,-29981,-29982,-29981,-29982]} 1. e4 c5 2. Nf3 e6 3. d4 cxd4 4. Nxd4 a6 5. c4 Nf6 6. Nc3 Bb4 7. Qd3 {B41: Sizilianisch (Paulsen-Variante)} Nc6 8. Nxc6 dxc6 9. Qxd8+ Kxd8 10. Bd2 e5 {LiveBook: 3 Partien} 11. O-O-O Kc7 $146 ({Vorgänger:} 11... Ke7 12. f3 Be6 13. a3 Bc5 14. Na4 Bd6 {½-½ (28) Ni,H (2670)-Bykhovsky,A (2496) chess.com INT 2018}) 12. f3 Be7 13. Na4 {zielt auf La5+ ab.} b5 (13... Nd7 $11) 14. Ba5+ $16 Kb7 15. Nb6 {Droht stark cxb5.} Rb8 16. Nxc8 Rbxc8 17. Bc3 Rhe8 18. g3 Bc5 19. Bh3 Rc7 20. cxb5 cxb5 21. Kb1 b4 22. Bd2 Rd8 23. Bg5 Bd4 24. Be3 Rc6 25. Rd3 (25. Bxd4 $1 $16 exd4 26. e5) 25... Bb6 $11 26. Rxd8 Bxd8 27. Rd1 Bb6 28. Bxb6 Kxb6 {[%mdl 4096] Endspiel KTL-KTS} 29. Rd8 a5 30. Rb8+ Kc5 31. Kc2 Kd4+ (31... Rc7 $11) 32. Kd2 $1 $16 g5 33. Rb7 (33. Rd8+ $16 Kc5 34. Ke3) 33... h5 34. Rxf7 g4 35. Bg2 Rd6 36. Ke2 Rc6 {Weiss muss nun ...Tc2+ beachten.} 37. Kd2 $1 Rd6 38. fxg4 (38. Ra7 $11) 38... hxg4 $15 39. Rg7 Rb6 {[%mdl 1024] Schwarz hat Kompensation.} 40. Rg6 $2 {[%mdl 8192]} (40. b3 $1 $11) 40... a4 $1 $19 {[%cal Ba5a4,Ba4a3][%mdl 32]} 41. Rg7 (41. b3 {einziger Zug.} axb3 42. axb3) 41... a3 $1 42. b3 Rc6 43. Rb7 Nxe4+ 44. Bxe4 Kxe4 45. Rxb4+ {KT-KT} Kf3 46. Rb5 $2 {[%mdl 8192]} (46. Rc4 $17 Rh6 47. Rc3+ Kf2 48. Kd3) 46... Rh6 47. Rxe5 Rxh2+ 48. Kc3 Rxa2 49. b4 Kxg3 50. Kb3 {[#]} Ra1 $1 51. b5 Kf4 {Schwarz setzt Matt.} 52. Rc5 g3 53. Rc4+ Kf3 54. Rc3+ Kf2 55. Rc2+ {[#]} Kf1 $1 {Precision: Weiß = 44%, Schwarz = 73%.} 0-1

[Event "36th Mitropa Cup Open 2018"]
[Site "Isola Capo Rizzuto"]
[Date "2018.06.06"]
[Round "6"]
[White "Tomazini, Zan"]
[Black "Bogner, Sebastian"]
[Result "0-1"]
[WhiteElo "2408"]
[BlackElo "2589"]
[Annotator "TA"]
[PlyCount "64"]
[EventDate "2018.05.31"]
[EventType "team-tourn"]
[EventCountry "ITA"]
[SourceTitle "playchess.com"]
[Source "ChessBase"]
[SourceQuality "1"]
[WhiteTeam "Slovenia"]
[BlackTeam "Switzerland"]
[WhiteTeamCountry "SLO"]
[BlackTeamCountry "SUI"]

{[%evp 9,64,26,21,17,13,24,30,11,18,26,17,18,18,27,12,12,16,12,26,15,17,-80,-80,-72,-83,-251,-256,-285,-293,-306,-313,-313,-304,-317,-308,-316,-289,-290,-290,-319,-319,-317,-316,-400,-406,-398,-401,-563,-555,-543,-531,-1247,-842,-29990,-29991,-29994,-29994]} 1. e4 c5 2. Nf3 d6 3. Bb5+ Nd7 4. O-O a6 5. Bd3 Ngf6 6. Re1 {B51: Sicilian: Moscow Variation (3 Bb5+) without 3...Bd7} e6 (6... b5 7. c3 Bb7 8. Bc2 c4 9. a4 e6 10. axb5 axb5 11. Rxa8 Qxa8 12. Na3 Bxe4 13. Bxe4 Nxe4 {½-½ (35) Mamedov,R (2704)-Karjakin,S (2778) Shamkir 2018}) 7. c3 b5 8. Bc2 {White has an edge.} Bb7 9. d4 Be7 10. Nbd2 O-O 11. e5 Ne8 12. Ne4 cxd4 13. cxd4 dxe5 14. dxe5 Rc8 $146 15. Bg5 {[#]} (15. Bf4 $11 {remains equal.}) 15... Nxe5 $1 $17 {[%mdl 512]} 16. Nxe5 {Threatens to win with Qxd8.} Bxg5 17. Nd7 $2 {[#]} (17. Bb3 $17 {keeps fighting.}) 17... Rxc2 $1 $19 {[%mdl 512]} 18. Qxc2 Bxe4 $1 19. Rxe4 Qxd7 20. Rd1 Qc7 21. Qxc7 Nxc7 22. Rd7 Rd8 23. Red4 Nd5 24. Ra7 Rc8 {( -> ...Rc1+)} 25. g3 g6 26. Rxa6 Rc1+ 27. Kg2 Rc2 28. b3 (28. Kf1 $142) 28... Be3 29. Re4 Rxf2+ 30. Kh3 h5 31. a4 g5 32. g4 Nf4+ {Precision: White = 55%, Black = 89%.} 0-1

[Event "36th Mitropa Cup Open 2018"]
[Site "Isola Capo Rizzuto"]
[Date "2018.06.06"]
[Round "6"]
[White "Loiseau, Quentin"]
[Black "Cernousek, Lukas"]
[Result "1-0"]
[WhiteElo "2399"]
[BlackElo "2462"]
[Annotator "TA"]
[PlyCount "41"]
[EventDate "2018.05.31"]
[EventType "team-tourn"]
[EventCountry "ITA"]
[SourceTitle "playchess.com"]
[Source "ChessBase"]
[SourceQuality "1"]
[WhiteTeam "France"]
[BlackTeam "Czech Republic"]
[WhiteTeamCountry "FRA"]
[BlackTeamCountry "CZE"]

{[%evp 17,41,4,8,7,78,68,72,0,96,95,123,98,101,109,102,102,109,107,108,114,120,104,557,555,550,541]} 1. e4 c6 2. d4 d5 3. e5 Bf5 4. Nf3 e6 5. Be2 Ne7 6. O-O c5 7. c4 Nbc6 8. Nc3 {B12: Caro-Kann (Vorstoß-Variante)} dxc4 9. Bg5 a6 {[%cal Rc5d4] LiveBook: 3 Partien} 10. Nd2 {[%cal Bf3d2,Bd2c4,Bc4d6][%mdl 32] Die Stellung ist ausgeglichen.} Qc7 $146 (10... Qxd4 $11 11. Nxc4 Qxd1 12. Raxd1 (12. Rfxd1 Ng6 $11) 12... Ng6) ({Vorgänger:} 10... Qxd4 11. Be3 Qd8 12. Nxc4 Nd5 13. Bf3 Nxe3 14. fxe3 Bd3 15. Qa4 Qc7 {1-0 (29) Sjugirov,S (2652)-Esipenko,A (2571) Moscow 2018}) 11. Nxc4 $16 Nd5 $1 12. Re1 (12. Bf3 $16 cxd4 13. Nxd5 exd5 14. Bxd5) 12... Nxc3 (12... Nxd4 $11 {bleibt in der Remisbreite.} 13. Bd3 Bxd3 14. Nxd5 exd5 15. Nd6+ Kd7 16. Qxd3 Bxd6 17. exd6 Qxd6) 13. bxc3 cxd4 14. cxd4 Bb4 15. d5 $36 {[%mdl 2048] Schwarz muss aufpassen.} exd5 {[#]} 16. Nd6+ $1 {[%mdl 512]} Bxd6 17. exd6 Qxd6 {[#]} 18. Bxa6+ $1 Be6 19. Bxb7 Ra7 $2 {[%mdl 8192]} (19... Rb8 $16 20. Bf4 Qxf4 21. Bxc6+ Ke7) 20. Bxc6+ $18 Qxc6 21. Qd4 1-0

[Event "36th Mitropa Cup Open 2018"]
[Site "Isola Capo Rizzuto"]
[Date "2018.06.06"]
[Round "6"]
[White "Haring, Filip"]
[Black "Kreisl, Robert"]
[Result "0-1"]
[WhiteElo "2344"]
[BlackElo "2402"]
[Annotator "ChessBase"]
[PlyCount "120"]
[EventDate "2018.05.31"]
[EventType "team-tourn"]
[EventCountry "ITA"]
[SourceTitle "playchess.com"]
[Source "ChessBase"]
[SourceQuality "1"]
[WhiteTeam "Slovakia"]
[BlackTeam "Austria"]
[WhiteTeamCountry "SVK"]
[BlackTeamCountry "AUT"]
[TimeControl "40/5400+30:1800+30"]

1. e4 c6 {[%emt 0:00:03]} 2. d4 {[%emt 0:00:05]} d5 {[%emt 0:00:23]} 3. exd5 {[%emt 0:00:04]} cxd5 {[%emt 0:00:51]} 4. c4 {[%emt 0:00:05]} Nf6 {[%emt 0:00:15]} 5. Nc3 {[%emt 0:00:04]} g6 {[%emt 0:00:25]} 6. cxd5 {[%emt 0:00:05]} Nxd5 {[%emt 0:00:32]} 7. Qb3 {[%emt 0:00:05]} Nb6 {[%emt 0:00:41]} 8. Bb5+ {[%emt 0:00:23]} Bd7 {[%emt 0:02:27]} 9. Nf3 {[%emt 0:00:11]} Bg7 {[%emt 0:03:27]} 10. Ne5 {[%emt 0:00:26]} O-O {[%emt 0:02:49]} 11. Nxd7 {[%emt 0:03:18]} N8xd7 {[%emt 0:00:28]} 12. Be3 {[%emt 0:00:20]} Nf6 {[%emt 0:01:39]} 13. O-O {[%emt 0:02:28]} Nfd5 {[%emt 0:02:22]} 14. a4 {[%emt 0:19:54]} a5 {[%emt 0:01:45]} 15. Be2 {[%emt 0:11:18]} Rc8 {[%emt 0:06:15]} 16. Rac1 {[%emt 0:07:03]} e6 {[%emt 0:05:05]} 17. Ne4 {[%emt 0:06:06]} Rxc1 {[%emt 0:14:42]} 18. Rxc1 {[%emt 0:02:40]} Nxe3 {[%emt 0:00:06]} 19. fxe3 {[%emt 0:00:19]} Nd5 {[%emt 0:00:38]} 20. Nf2 {[%emt 0:00:35]} Qg5 {[%emt 0:22:16]} 21. Rc3 {[%emt 0:02:29]} Nxc3 {[%emt 0:09:02]} 22. Qxc3 {[%emt 0:03:54]} Qd5 {[%emt 0:01:46]} 23. Bc4 {[%emt 0:04:52]} Qc6 {[%emt 0:02:08]} 24. Bb5 {[%emt 0:00:29]} Qxc3 {[%emt 0:00:45]} 25. bxc3 {[%emt 0:06:52]} f5 {[%emt 0:00:34]} 26. Nd3 {[%emt 0:00:51]} Kf7 {[%emt 0:01:23]} 27. Nc5 {[%emt 0:00:42]} b6 {[%emt 0:01:17]} 28. Nd7 {[%emt 0:00:52]} Rc8 {[%emt 0:00:15]} 29. c4 {[%emt 0:00:51]} f4 {[%emt 0:00:06]} 30. Kf2 {[%emt 0:00:31]} Rd8 {[%emt 0:04:00]} 31. c5 {[%emt 0:02:29]} bxc5 {[%emt 0:02:17]} 32. dxc5 {[%emt 0:03:17]} Ke7 {[%emt 0:00:06]} 33. c6 {[%emt 0:01:48]} fxe3+ {[%emt 0:00:07]} 34. Kxe3 {[%emt 0:01:44]} Kd6 {[%emt 0:00:05]} 35. Nb6 {[%emt 0:00:18]} Kc7 {[%emt 0:01:33]} 36. Nd7 {[%emt 0:01:11]} Kd6 {[%emt 0:00:11]} 37. Nb6 {[%emt 0:01:23]} Kc7 {[%emt 0:00:06]} 38. Nd7 {[%emt 0:03:46]} Bf8 {[%emt 0:00:25]} 39. Kf4 {[%emt 0:13:16]} Bd6+ {[%emt 0:03:30]} 40. Ke4 {[%emt 0:00:32]} Bxh2 {[%emt 0:33:38]} 41. Nc5 {[%emt 0:31:56]} Rd6 {[%emt 0:01:10]} 42. Nb3 {[%emt 0:00:00]} e5 {[%emt 0:00:00]} 43. Nxa5 {[%emt 0:00:00]} Rd4+ {[%emt 0:00:00]} 44. Ke3 {[%emt 0:00:00]} Bg1+ {[%emt 0:00:00]} 45. Ke2 {[%emt 0:00:00]} Rb4 {[%emt 0:00:00]} 46. Kd3 {[%emt 0:00:00]} e4+ {[%emt 0:00:00]} 47. Kc3 {[%emt 0:00:00]} Rd4 {[%emt 0:00:00]} 48. Nb3 {[%emt 0:00:00]} Rd6 {[%emt 0:00:00]} 49. a5 {[%emt 0:00:00]} Be3 {[%emt 0:00:00]} 50. Kc4 {[%emt 0:00:00]} h5 {[%emt 0:00:00]} 51. a6 {[%emt 0:00:00]} g5 {[%emt 0:00:00]} 52. Na1 {[%emt 0:00:00]} h4 {[%emt 0:00:00]} 53. Nc2 {[%emt 0:00:00]} Bb6 {[%emt 0:00:00]} 54. Nb4 {[%emt 0:00:00]} g4 {[%emt 0:00:00]} 55. Kb3 {[%emt 0:02:21]} h3 {[%emt 0:00:00]} 56. gxh3 {[%emt 0:03:13]} gxh3 {[%emt 0:00:00]} 57. Bf1 {[%emt 0:00:02]} Rh6 {[%emt 0:00:00]} 58. Bb5 {[%emt 0:00:45]} Rh5 {[%emt 0:02:07]} 59. a7 {[%emt 0:00:56]} Bxa7 {[%emt 0:02:15]} 60. Na6+ {[%emt 0:00:05]} Kd6 {[%emt 0:00:16]} 0-1

[Event "36th Mitropa Cup Open 2018"]
[Site "Isola Capo Rizzuto"]
[Date "2018.06.07"]
[Round "7"]
[White "Vocaturo, Daniele"]
[Black "Tomazini, Zan"]
[Result "1-0"]
[WhiteElo "2608"]
[BlackElo "2408"]
[Annotator "TA"]
[PlyCount "99"]
[EventDate "2018.05.31"]
[EventType "team-tourn"]
[EventCountry "ITA"]
[SourceTitle "playchess.com"]
[Source "ChessBase"]
[SourceQuality "1"]
[WhiteTeam "Italy"]
[BlackTeam "Slovenia"]
[WhiteTeamCountry "ITA"]
[BlackTeamCountry "SLO"]

{[%evp 16,99,58,47,52,49,50,23,29,28,28,30,59,46,38,42,35,35,61,56,160,166,162,163,193,192,207,200,254,148,210,211,224,220,220,204,197,212,282,296,333,337,358,333,307,294,649,601,562,349,349,345,345,345,332,332,329,321,318,289,506,501,460,446,673,654,1281,1105,1552,1470,1287,1063,1489,1353,5181,5181,2727,3072,1997,2090,4710,3220,2052,2978,1809,1784]} 1. d4 {[%cal Bd2d4,Bd4d5][%mdl 32]} Nf6 2. c4 Nc6 3. Nc3 e5 4. d5 Ne7 5. Nf3 Ng6 6. h4 {A50: Damenindisch (ohne e7-e6)} h5 7. Bg5 d6 (7... Be7 8. e3 d6 9. Nd2 Ng4 10. Bxe7 Qxe7 11. g3 f5 12. Qc2 e4 {0-1 (31) Erdos,V (2623)-Bologan,V (2665) Warsaw 2011}) 8. Qc2 Be7 9. e3 {LiveBook: 6 Partien} Nf8 10. c5 N8d7 11. c6 bxc6 12. dxc6 Nb6 13. Rd1 Bg4 $146 14. Ba6 Nh7 {[%cal Re7g5]} 15. Bxe7 Qxe7 16. a4 $36 {[%mdl 2048] a5 ist eine echte Drohung. Weiss hat gut koordiniertes Spiel.} Nf6 17. a5 e4 (17... Nc8 $1 $14) 18. axb6 $16 axb6 {[#]} 19. Bb7 $1 {[%cal Rb7a8]} Rd8 20. Nd4 Bxd1 21. Qxd1 ({Finger weg von} 21. Kxd1 $6 d5 $16) 21... d5 22. Ba6 (22. g3 $18) 22... Ng4 (22... Ra8 $16) 23. Be2 $18 Ne5 24. Qb3 Qc5 25. O-O O-O 26. Qb5 ({Keinesfalls} 26. Bxh5 $6 Nxc6 27. Nxc6 Qxc6 $16) 26... Qd6 27. Bxh5 g6 28. Be2 Kg7 29. g3 f5 30. Rd1 Ng4 $2 {[#]} (30... Rf6 31. Qb3 Nxc6) 31. Bxg4 fxg4 32. Nxd5 Qxd5 33. Qxd5 Rxd5 {[%mdl 4096] Endspiel KTT-KTS} 34. Ne6+ Kf6 35. Rxd5 Kxe6 {KT-KT} 36. Rg5 Rf6 37. b4 {[%cal Bb2b4,Bb4b5][%mdl 32]} ({Weniger gut wäre} 37. Rxg4 Kd5 $16) 37... Kd6 $2 (37... Ke7 38. Rxg4 Kd6 39. Rxe4 Kxc6 40. Rc4+ Kb5 41. Rxc7 Re6) 38. b5 {Weiß steht klar auf Gewinn.} Re6 39. Rxg4 Kc5 (39... Ke7 $142 40. Rg5 Kf6) 40. Rg5+ Kc4 41. g4 {[%cal Bg3g4,Bg4h5][%mdl 32]} Kd3 42. Kf1 Rd6 43. Re5 Rf6 44. h5 gxh5 45. Rf5 Rg6 46. gxh5 Rg4 47. Rf4 Rg8 48. h6 Kc4 49. Rf5 Rh8 50. Rh5 {Precision: Weiß = 86%, Schwarz = 37%.} 1-0

[Event "36th Mitropa Cup Open 2018"]
[Site "Isola Capo Rizzuto"]
[Date "2018.06.07"]
[Round "7"]
[White "Bogner, Sebastian"]
[Black "Mihok, Oliver"]
[Result "1-0"]
[WhiteElo "2589"]
[BlackElo "2547"]
[Annotator "TA"]
[PlyCount "113"]
[EventDate "2018.05.31"]
[EventType "team-tourn"]
[EventCountry "ITA"]
[SourceTitle "playchess.com"]
[Source "ChessBase"]
[SourceQuality "1"]
[WhiteTeam "Switzerland"]
[BlackTeam "Hungary"]
[WhiteTeamCountry "SUI"]
[BlackTeamCountry "HUN"]

{[%evp 21,113,26,31,25,29,37,22,10,0,0,0,0,0,-10,-9,0,0,0,0,0,5,0,0,0,0,0,12,12,18,0,0,0,10,0,14,17,18,20,53,52,37,37,43,43,62,49,95,90,135,77,77,0,137,121,131,126,125,116,151,143,151,154,154,154,147,129,153,130,252,242,1968,1726,1533,1143,12847,12838,12846,12847,12847,12847,12851,29979,29981,29981,29983,29983,29984,29985,29985,29986,29986,29986,29987,29988]} 1. e4 c5 2. Nf3 e6 3. d4 cxd4 4. Nxd4 Nc6 5. Nc3 Qc7 6. Be3 a6 7. Qf3 {B48: Sicilian: Taimanov: 5 Nc3 Qc7 6 Be3 a6 without Be2} Bd6 (7... Nf6 8. O-O-O Ne5 9. Qg3 b5 10. a3 Bb7 11. Bxb5 Rc8 12. Ba4 Nxe4 13. Nxe4 Bxe4 14. Bf4 Qc4 15. Bxe5 Qxa4 {1-0 (38) Vachier Lagrave,M (2789)-Anand,V (2776) Karlsruhe/Baden-Baden 2018}) 8. O-O-O Be5 9. g3 Nge7 10. Qe2 b5 11. f4 Bxd4 {LiveBook: 15 Games} 12. Bxd4 Nxd4 13. Rxd4 Rb8 14. e5 Bb7 {[#]} 15. Ne4 $146 {Strongly threatening Nd6+.} Nf5 {[%cal Be7f5,Bf5d6,Bd6c4][%mdl 32]} 16. Rd1 O-O 17. Bh3 Bxe4 18. Qxe4 d5 19. exd6 Nxd6 20. Qe5 Rfc8 {[%csl Gc8][%cal Rc7c2]} 21. Rd2 Nc4 22. Qxc7 Rxc7 23. Rd3 Kf8 24. b3 $36 {[%mdl 2048] White is more active.} Nb6 25. c3 Ke7 26. Rhd1 h6 27. Kb2 Rd7 28. Rxd7+ Nxd7 $11 {[%mdl 4096] Endgame KRB-KRN} 29. Bg2 b4 30. cxb4 Rxb4 31. Rc1 Rd4 32. Kc3 Rd6 33. b4 e5 34. Re1 Kf6 35. Rf1 (35. fxe5+ $142 Nxe5 36. Kc2) 35... Ke7 $16 36. Re1 (36. a4 $142) 36... Kf6 37. fxe5+ Nxe5 38. Re3 Ke6 39. a4 $1 {[%cal Ba2a4,Ba4a5][%mdl 32]} f5 {[#]} 40. a5 $1 g5 41. Bb7 f4 42. gxf4 gxf4 {[#]} 43. Rh3 $1 {[%cal Rh3h6]} Kd7 44. Rh5 Nc6 (44... Kc7 $16) 45. Bxa6 $18 Nxb4 $2 (45... f3 46. Rf5 Nxb4) 46. Bb5+ ({Not} 46. Kxb4 Rxa6 47. Rf5 Re6 $16) 46... Nc6 47. Rc5 Kc7 48. h4 f3 49. Rxc6+ Rxc6+ 50. Bxc6 Kxc6 {KPP-KPP} 51. Kd3 Kb5 {White mates.} 52. Ke3 Kxa5 53. Kxf3 Kb5 54. Kg4 Kc6 55. Kh5 Kd7 56. Kxh6 Ke7 57. Kg7 {Precision: White = 73%, Black = 43%.} 1-0

[Event "36th Mitropa Cup Open 2018"]
[Site "Isola Capo Rizzuto"]
[Date "2018.06.07"]
[Round "7"]
[White "Huschenbeth, Niclas"]
[Black "Dragnev, Valentin"]
[Result "1-0"]
[WhiteElo "2578"]
[BlackElo "2489"]
[Annotator "TA"]
[PlyCount "123"]
[EventDate "2018.05.31"]
[EventType "team-tourn"]
[EventCountry "ITA"]
[SourceTitle "playchess.com"]
[Source "ChessBase"]
[SourceQuality "1"]
[WhiteTeam "Germany"]
[BlackTeam "Austria"]
[WhiteTeamCountry "GER"]
[BlackTeamCountry "AUT"]

{[%evp 24,123,7,8,25,11,44,15,8,0,20,6,21,0,0,0,27,-39,-30,-44,0,-7,0,-72,-73,-104,-108,-177,-181,-188,-175,-186,-175,-196,-195,-210,-178,-159,0,0,0,0,0,-8,-5,-8,-36,-204,-186,-182,-184,-247,-204,-179,-71,-167,0,0,181,165,150,150,277,248,784,774,741,713,747,912,947,969,1710,708,1135,1106,1083,974,686,590,4362,4525,29978,29979,29978,29979,29983,29984,29984,29984,29984,29985,29988,29989,29990,29991,29993,29993,29993,29994,29994,29994]} 1. e4 e5 2. Nf3 Nc6 3. Bb5 {[%cal Bf1b5,Bb5a4,Ba4b3][%mdl 32]} a6 4. Ba4 Nf6 5. O-O Be7 6. Re1 b5 7. Bb3 O-O 8. a4 b4 9. a5 d6 10. d3 Be6 11. Bxe6 {C88: Spanische Partie (Geschlossenes System)} fxe6 12. Nbd2 (12. h3 Qb8 13. c3 Qb5 14. c4 Qb7 15. Nbd2 Nd7 16. Nb3 Nd8 17. d4 exd4 18. Nbxd4 c5 19. Nxe6 Nxe6 {½-½ (36) Vachier Lagrave,M (2789)-Aronian,L (2794) Karlsruhe/Baden-Baden 2018}) 12... Rb8 13. Nb3 {LiveBook: 4 Partien. Die Stellung ist ausgeglichen.} Qd7 14. h3 $146 ({Vorgänger:} 14. Qe2 Qc8 15. Bg5 Nd8 16. d4 exd4 17. Nbxd4 c5 18. Nb3 e5 {½-½ (49) Garifullin,I (1984)-Gaifullin,A (1925) Ufa 2015}) 14... h6 15. c3 bxc3 16. bxc3 Rb5 17. d4 Rfb8 18. dxe5 (18. Nbd2 {seems wilder.} exd4 19. Nxd4 Rc5 20. Ba3 Rxc3 21. Ne2) 18... Nxe5 19. Nxe5 Rxe5 (19... dxe5 {is interesting.} 20. Nd2 Qc6 21. Qf3 Rf8 22. Qd3 Rfb8) 20. Nd2 (20. f3 $11) 20... Qc6 $15 21. Qc2 Rbb5 22. c4 Rxa5 23. Rb1 {[#]} (23. Ba3 $11 {bleibt in der Remisbreite.}) 23... Reb5 $1 $17 {[%mdl 512]} 24. Nb3 {Und weiter mit Sd4 wäre nett.} (24. cxb5 Qxc2) 24... Ra4 25. Nd2 (25. Nd4 $17 Rxc4 26. Nxc6 Rxc2 27. Nxe7+ Kf7 28. Rxb5 axb5 29. Nc8) 25... Rxb1 $19 26. Qxb1 {[#]} Nd7 $1 27. Bb2 e5 28. Bc3 Bg5 29. Qb3 Bxd2 30. Bxd2 {beabsichtigt c5+.} Kh7 $2 (30... Rxc4 $17 31. Rc1 Nb6) 31. Qf3 $11 Kg8 {[#]} 32. Bxh6 $1 {[%mdl 512] Weiss will mit Dg4 Matt setzen.} Qxc4 (32... gxh6 33. Qf5) 33. Rc1 Qe6 {[#]} 34. Bxg7 $1 $40 {[%mdl 640] Schwarz muss sich nun genau verteidigen.} c5 (34... Kxg7 35. Rxc7) 35. Rc3 $2 ({Weiss braucht} 35. Qg3 $15 Kh7 36. Rb1) 35... Kxg7 36. Qh5 {Droht stark Tg3+.} Nf8 37. Rg3+ Ng6 38. Qf5 Ra1+ 39. Kh2 Qxf5 $2 (39... Qf6 $19 {...a5 ist eine echte Drohung.} 40. Qd7+ Kh6) 40. exf5 d5 $2 (40... Rd1 $11 {und Schwarz muss sich keine Sorgen machen.}) 41. Rxg6+ $18 {[%mdl 4096] Endspiel KT-KT} Kf7 {Weiss muss nun ...d4 beachten.} 42. g4 d4 {[#]} (42... Ra2 $16 {war angesagt.}) 43. g5 $1 Rb1 $2 (43... Ra3 44. Kg2 e4) 44. Rxa6 Rb7 45. Rc6 d3 46. Rxc5 Rd7 47. Rc1 Rd4 48. Rd1 (48. g6+ $142 Kf6 49. Rc7 (49. Rc6+ Kxf5 50. g7 Rd8 $16)) 48... Rf4 49. Rxd3 Rxf5 50. h4 Rxf2+ 51. Kg3 Re2 52. h5 Re4 53. Rd7+ {Weiß setzt Matt.} Ke6 54. g6 {[%cal Bg5g6,Bg6g7][%mdl 32]} Kf5 55. g7 Rg4+ 56. Kf2 Ke6 57. Ra7 e4 58. h6 Ke5 59. h7 Kf4 60. Rf7+ Ke5 61. h8=Q e3+ 62. Kxe3 {Precision: Weiß = 59%, Schwarz = 54%.} 1-0